[Event "10th ECC w"]
[Site "Saint Vincent ITA"]
[Date "2005.09.21"]
[Round "4"]
[White "Zhukova,N"]
[Black "Fominykh,M"]
[Result "1/2-1/2"]
[WhiteElo "2478"]
[BlackElo "2335"]
[EventDate "2005.09.18"]

1. d4 d6 2. Nf3 g6 3. c4 Bg7 4. Nc3 Nf6 5. Bf4 O-O 6. e3 b6 7. h3 Bb7 8.
Be2 Nbd7 9. O-O Ne4 10. Nxe4 Bxe4 11. Qb3 e5 12. Bg3 Qe7 13. Rac1 Rab8 14.
Rfd1 a5 15. Qb5 exd4 16. exd4 Rfe8 17. Qb3 Nf8 18. d5 Nd7 19. Nd4 Nc5 20.
Qe3 Qf6 21. Qa3 h5 22. Bf1 h4 23. Bh2 Qg5 24. Ra1 1/2-1/2

[Event "10th ECC w"]
[Site "Saint Vincent ITA"]
[Date "2005.09.21"]
[Round "4"]
[White "Gara,A"]
[Black "Matnadze,A"]
[Result "0-1"]
[WhiteElo "2372"]
[BlackElo "2389"]
[EventDate "2005.09.18"]

1. e4 c5 2. Nf3 d6 3. d4 cxd4 4. Nxd4 Nf6 5. f3 e5 6. Nb3 Nc6 7. c4 a5 8.
Be3 a4 9. N3d2 Qa5 10. Nc3 Be7 11. Nb5 O-O 12. Be2 Bd8 13. O-O Bb6 14. Bf2
Nd4 15. Rc1 Nxb5 16. cxb5 Be6 17. Nc4 Bxf2+ 18. Rxf2 Qxb5 19. Qxd6 Rac8 20.
b3 axb3 21. axb3 Qxb3 22. Bd1 Qb5 23. Rb2 Qc5+ 24. Qxc5 Rxc5 25. Rbc2 Rd8
26. Ne3 Rxc2 27. Bxc2 Kf8 28. Ba4 Rd3 29. Nc4 Rd4 30. Bb5 Bxc4 31. Rxc4
Rxc4 32. Bxc4 Ke7 33. Kf2 Nd7 34. Ke3 f6 35. Kd3 Kd6 36. Bg8 h6 37. Kc4
Nb6+ 38. Kb5 Nc8 39. Bd5 Kc7 40. Kc5 b6+ 41. Kb5 Nd6+ 42. Ka6 g6 43. g3 g5
44. h4 gxh4 45. gxh4 f5 46. exf5 Nxf5 47. h5 Ng3 48. Bf7 Kc6 49. Bg6 Kc5
50. Be8 Nf5 51. Bg6 Nd6 52. Bd3 b5 53. Bc2 b4 54. Ka5 Nc4+ 55. Ka4 Nd2 56.
Bd1 Kc4 57. Be2+ Kc3 58. Bd1 b3 0-1

[Event "10th ECC w"]
[Site "Saint Vincent ITA"]
[Date "2005.09.21"]
[Round "4"]
[White "Javakhishvili,L"]
[Black "Medvegy,N"]
[Result "1-0"]
[WhiteElo "2410"]
[BlackElo "2387"]
[EventDate "2005.09.18"]

1. d4 Nf6 2. c4 e6 3. Nc3 Bb4 4. Bg5 h6 5. Bh4 c5 6. d5 Bxc3+ 7. bxc3 d6 8.
e3 g5 9. Bg3 e5 10. Qc2 Qe7 11. Nf3 Nbd7 12. Nd2 Kd8 13. Bd3 Kc7 14. Rb1
Nh5 15. a4 Rf8 16. O-O Ng7 17. f4 f5 18. a5 e4 19. Be2 g4 20. Qa4 Nb8 21.
Rb2 h5 22. Rfb1 h4 23. Be1 Rh8 24. Bd1 h3 25. Nf1 hxg2 26. Rxg2 Rh3 27. Qa2
Nh5 28. Rgb2 Nd7 29. Ba4 Nf8 30. Bc6 bxc6 31. a6 Kd8 32. Rb7 Qf6 33. Qa5+
Ke8 34. Qc7 g3 35. Nxg3 Nd7 36. dxc6 Nf8 37. Rb8 1-0

[Event "10th ECC w"]
[Site "Saint Vincent ITA"]
[Date "2005.09.21"]
[Round "4"]
[White "Lomineishvili,M"]
[Black "Hoang Thanh Trang"]
[Result "1/2-1/2"]
[WhiteElo "2420"]
[BlackElo "2476"]
[EventDate "2005.09.18"]

1. d4 f5 2. Nc3 d5 3. Bf4 Nf6 4. e3 e6 5. Nf3 Bd6 6. Bd3 Qe7 7. Ne2 Nc6 8.
O-O Nb4 9. c4 Nxd3 10. Qxd3 b6 11. cxd5 Nxd5 12. Bxd6 cxd6 13. Nc3 Bb7 14.
Nxd5 Bxd5 15. Nd2 O-O 16. Rac1 Rac8 17. f3 Qg5 18. Rc3 Rxc3 19. Qxc3 Bb7
1/2-1/2

[Event "10th ECC w"]
[Site "Saint Vincent ITA"]
[Date "2005.09.21"]
[Round "4"]
[White "Vajda,S"]
[Black "Dzagnidze,N"]
[Result "0-1"]
[WhiteElo "2392"]
[BlackElo "2438"]
[EventDate "2005.09.18"]

1. e4 c5 2. Nf3 d6 3. d4 cxd4 4. Nxd4 Nf6 5. f3 Nc6 6. c4 Qb6 7. Nc2 g6 8.
Nc3 Bg7 9. Rb1 Ng4 10. Qd2 Bh6 11. Qe2 Bxc1 12. Nd5 Qd8 13. Rxc1 e6 14. Nc3
Qg5 15. Qd2 Qxd2+ 16. Kxd2 Nf6 17. Be2 Ke7 18. Rhd1 g5 19. Ke3 Ne5 20. Rd2
Bd7 21. Rcd1 Ne8 22. g3 Rc8 23. Na3 h5 24. f4 gxf4+ 25. gxf4 Ng4+ 26. Bxg4
hxg4 27. Rg1 Rh4 28. Rg3 Nf6 29. Rf2 Rch8 30. e5 dxe5 31. fxe5 Nh5 32. Rg1
Ng7 33. Nab5 Nf5+ 34. Ke2 Bc6 35. Nd5+ exd5 36. Rxf5 Rxh2+ 37. Ke3 Bd7 38.
Rf6 R8h3+ 39. Kf4 dxc4 40. Nc3 Be6 41. Rxg4 Bxg4 42. Nd5+ Ke8 43. Kxg4 Rh4+
44. Kg3 R2h3+ 45. Kg2 Rd3 0-1

[Event "10th ECC w"]
[Site "Saint Vincent ITA"]
[Date "2005.09.21"]
[Round "4"]
[White "Demina,J"]
[Black "Lahno,Kateri"]
[Result "1/2-1/2"]
[WhiteElo "2298"]
[BlackElo "2498"]
[EventDate "2005.09.18"]

1. d4 Nf6 2. Nf3 g6 3. g3 Bg7 4. Bg2 O-O 5. c4 d6 6. O-O Nc6 7. Nc3 a6 8.
h3 Bd7 9. e4 e5 10. dxe5 dxe5 11. Be3 h6 12. Qe2 Qc8 13. Kh2 g5 14. Bc5 Re8
15. Nd5 b6 16. Ba3 b5 17. Nxf6+ Bxf6 18. cxb5 axb5 19. Bc5 b4 20. Qe3 Be6
21. a3 bxa3 22. bxa3 Ra5 23. Rac1 Qb7 24. Rc3 Ra4 25. Rfc1 Nd4 26. Bb4 Rc8
27. Nd2 Bg7 28. Bf1 g4 29. hxg4 Bxg4 30. Rc5 Kh7 31. Bh3 Bxh3 32. Kxh3 c6
33. Nf3 Ne6 34. Ra5 Rxa5 35. Bxa5 c5 36. Bd2 Ra8 37. Qd3 Ra4 38. Qd5 Qb2
39. Qd7 Rxa3 40. Qxf7 Rxf3 41. Qxf3 Qxd2 42. Qf5+ Kh8 43. Ra1 Nf4+ 44. gxf4
Qc3+ 45. Kg4 Qxa1 46. Qc8+ Kh7 47. Qf5+ Kg8 48. Qe6+ Kf8 49. Qc8+ Kf7 50.
Qd7+ Kg8 51. Qe6+ Kh8 52. Qc8+ Kh7 53. Qf5+ Kg8 1/2-1/2

[Event "10th ECC w"]
[Site "Saint Vincent ITA"]
[Date "2005.09.21"]
[Round "4"]
[White "Mkrtchian,L"]
[Black "Shadrina,T"]
[Result "1-0"]
[WhiteElo "2447"]
[BlackElo "2384"]
[EventDate "2005.09.18"]

1. d4 d5 2. c4 c6 3. Nf3 Nf6 4. Nc3 e6 5. Bg5 dxc4 6. a4 Bb4 7. e4 Bxc3+ 8.
bxc3 Qa5 9. e5 Ne4 10. Bd2 Nxd2 11. Qxd2 b5 12. Be2 O-O 13. Ng5 Nd7 14. Qc2
g6 15. O-O Qd8 16. Ne4 Nb6 17. Nf6+ Kg7 18. Bf3 Nd5 19. Qd2 a6 20. Bxd5
exd5 21. f4 Bf5 22. g4 Bd3 23. Rf3 Rh8 24. f5 h6 25. Qf4 Ra7 26. axb5 cxb5
27. fxg6 fxg6 28. Rxa6 Rb7 29. Rd6 Qe7 30. Nxd5 Qg5 31. Rb6 Ra7 32. Ra6 Rb7
33. Qf6+ Qxf6 34. Rfxf6 Rf8 35. Rxf8 Kxf8 36. Kf2 h5 37. e6 Rb8 38. e7+ Kf7
39. Rf6+ Kg7 40. g5 Re8 41. Ke3 Bc2 42. Rb6 Ba4 43. Kf4 b4 44. Rxb4 Bc6 45.
Ke5 Bxd5 46. Kxd5 Rxe7 47. h4 Re3 48. Rxc4 Rh3 49. Ke6 Rxh4 50. Rc7+ Kg8
51. d5 Re4+ 52. Kf6 h4 53. d6 1-0

[Event "10th ECC w"]
[Site "Saint Vincent ITA"]
[Date "2005.09.21"]
[Round "4"]
[White "Sudakova,I"]
[Black "Kochetkova,J"]
[Result "1/2-1/2"]
[WhiteElo "2360"]
[BlackElo "2346"]
[EventDate "2005.09.18"]

1. e4 c5 2. Nf3 Nc6 3. Nc3 e6 4. d4 cxd4 5. Nxd4 Nf6 6. Nxc6 bxc6 7. e5 Nd5
8. Ne4 Ba6 9. Bxa6 Qa5+ 10. c3 Qxa6 11. Qe2 Qxe2+ 12. Kxe2 f5 13. Nd2 Kf7
14. Nc4 Be7 15. f4 Rab8 16. Be3 Rb7 17. Rad1 Rg8 18. Kf3 a5 19. a4 g5 20.
g3 Rbb8 21. Rd2 gxf4 22. gxf4 Ra8 23. Rg2 Rxg2 24. Kxg2 Rg8+ 25. Kf3 Nxe3
26. Nxe3 d5 27. exd6 Bxd6 28. Rd1 Ke7 29. Re1 Kf6 30. Nc4 Bc7 31. b4 axb4
32. cxb4 Bxf4 33. Na5 Bd2 34. Rd1 Bxb4 35. Nxc6 Rg4 36. a5 Rc4 37. Nxb4
Rxb4 38. Ra1 Rb7 39. a6 Ra7 40. Ra5 Ke7 41. Kf4 Kd6 42. Ra1 Kd5 43. Ra2 Kd4
44. Ra1 Kd5 45. Ra2 Kd4 1/2-1/2

[Event "10th ECC w"]
[Site "Saint Vincent ITA"]
[Date "2005.09.21"]
[Round "4"]
[White "Benderac,A"]
[Black "Todorovic,V"]
[Result "1/2-1/2"]
[WhiteElo "2289"]
[BlackElo "2109"]
[EventDate "2005.09.18"]

1. d4 Nf6 2. Nc3 d5 3. Bg5 Bf5 4. e3 e6 5. Nf3 h6 6. Bh4 Be7 7. Bd3 Bxd3 8.
Qxd3 a6 9. Bxf6 Bxf6 10. e4 dxe4 11. Qxe4 c6 12. O-O-O O-O 13. h4 g6 14.
Ne5 Bg7 15. f4 Nd7 16. Nxd7 Qxd7 17. h5 gxh5 18. Rxh5 f5 19. Qe3 Rad8 20.
Qh3 Qc7 21. Qg3 Kh7 22. Ne2 c5 23. Rdh1 cxd4 24. Qd3 Kg8 25. g4 fxg4 26.
Rxh6 Bxh6 27. Rxh6 Rf7 28. Qg6+ Rg7 29. Qh5 Kf8 30. Rf6+ Kg8 31. Rh6 Kf8
32. Rf6+ Kg8 33. Rh6 Kf8 1/2-1/2

[Event "10th ECC w"]
[Site "Saint Vincent ITA"]
[Date "2005.09.21"]
[Round "4"]
[White "Todorovic,O"]
[Black "Peptan,C"]
[Result "0-1"]
[WhiteElo "2051"]
[BlackElo "2411"]
[EventDate "2005.09.18"]

1. e4 c5 2. Nf3 Nc6 3. d3 g6 4. g3 Bg7 5. Bg2 e5 6. Nc3 Nge7 7. Nd5 Nxd5 8.
exd5 Ne7 9. O-O d6 10. c4 O-O 11. Rb1 a5 12. a3 a4 13. b4 axb3 14. Qxb3 h6
15. Qb6 Qd7 16. Nd2 f5 17. f4 exf4 18. gxf4 Ra6 19. Qb5 Qc7 20. Nf3 Kh7 21.
Re1 Ng8 22. h3 Nf6 23. Ne5 Nh5 24. Nf3 Qd8 25. Kh2 Bf6 26. Re6 Bg7 27. Re2
Nf6 28. Kg1 Rf7 29. Bf1 Rc7 30. Qb3 Nh5 31. Rg2 Bd7 32. Qd1 Be8 33. d4 b6
34. Qd3 Re7 35. dxc5 bxc5 36. Re2 Ng3 37. Ng5+ hxg5 38. Qxg3 Rxe2 39. Bxe2
Qe7 40. Bf1 Ra7 41. fxg5 Qe4 42. Bd3 Qd4+ 43. Kg2 Be5 44. Qf3 Qc3 45. Qe2
Qa5 46. Rb8 Re7 47. Qf2 Qc3 48. Qd2 Qd4 49. Bb2 Qh4 50. Bxe5 Rxe5 51. Rd8
f4 52. Rxd6 Qg3+ 53. Kf1 Qxh3+ 54. Kf2 Qh2+ 0-1

[Event "10th ECC w"]
[Site "Saint Vincent ITA"]
[Date "2005.09.21"]
[Round "4"]
[White "Adriaans,M"]
[Black "Alexandrova,O"]
[Result "0-1"]
[WhiteElo "2033"]
[BlackElo "2397"]
[EventDate "2005.09.18"]

1. d4 Nf6 2. c4 e6 3. Nf3 b6 4. g3 Ba6 5. b3 Bb4+ 6. Bd2 Be7 7. Nc3 c6 8.
e4 d5 9. e5 Ne4 10. Bd3 Nxc3 11. Bxc3 Bb7 12. O-O O-O 13. Qe2 c5 14. Rfe1
dxc4 15. Be4 Qc8 16. Qxc4 Ba6 17. Qa4 b5 18. Qa3 b4 19. Qc1 Bb7 20. Bb2
Bxe4 21. Rxe4 Qb7 22. Qe3 Nd7 23. dxc5 Bxc5 24. Bd4 Be7 25. Nd2 Nb6 26. Bb2
Nd5 27. Qe1 Rfd8 28. Nc4 Rac8 29. Rd1 Qa6 30. Ra1 Qb5 31. Rd1 Rc6 32. Rc1
Ra6 33. Ra1 Rc6 34. Rc1 a5 35. Re2 a4 36. Rec2 Ra6 37. Re2 Raa8 38. Rec2
axb3 39. axb3 Bf8 40. Ra1 Nb6 41. Rxa8 Rxa8 42. Nxb6 Qxb6 43. Qc1 Qb7 44.
Qd1 h6 45. Rd2 Qe4 46. Rc2 Ra5 47. Rc4 Rd5 48. Rxe4 Rxd1+ 49. Kg2 Rd3 50.
Re3 Rd2 51. Bc1 Rc2 52. Re1 Rc3 53. Be3 Rxb3 54. Rc1 Rc3 55. Rxc3 bxc3 56.
Bc1 g5 57. Kf3 Bc5 58. Ke2 Bd4 59. f4 g4 60. Kf1 h5 61. Kg2 Kg7 62. h3 Kg6
63. hxg4 hxg4 64. Kf1 Kf5 65. Ke2 Ke4 66. Ke1 Be3 0-1

[Event "10th ECC w"]
[Site "Saint Vincent ITA"]
[Date "2005.09.21"]
[Round "4"]
[White "Khurtsidze,N"]
[Black "Schuurman,P"]
[Result "1-0"]
[WhiteElo "2449"]
[BlackElo "2266"]
[EventDate "2005.09.18"]

1. d4 Nf6 2. Nf3 e6 3. c4 c5 4. d5 b5 5. cxb5 exd5 6. Bg5 Bb7 7. e3 d6 8.
Nc3 Nbd7 9. Be2 h6 10. Bh4 Qe7 11. a4 g5 12. Bg3 Bg7 13. O-O O-O 14. Nd2
Rad8 15. Nb3 Ne5 16. a5 Nc4 17. Ra2 Qe6 18. a6 Ba8 19. Qc2 Nb6 20. Raa1 Ne4
21. Na5 Rd7 22. Rad1 f5 23. Nc6 Nxc3 24. bxc3 Qf6 25. f4 g4 26. c4 dxc4 27.
Bxc4+ Kh8 28. Ba2 Rc7 29. e4 Bxc6 30. bxc6 Rxc6 31. e5 Qd8 32. Be6 Qe7 33.
Bxf5 dxe5 34. fxe5 Qg5 35. Qe4 Rc7 36. e6 Re7 37. Bd6 1-0

[Event "10th ECC w"]
[Site "Saint Vincent ITA"]
[Date "2005.09.21"]
[Round "4"]
[White "Muhren,B"]
[Black "Danielian,E"]
[Result "0-1"]
[WhiteElo "2269"]
[BlackElo "2433"]
[EventDate "2005.09.18"]

1. e4 c6 2. d4 d5 3. exd5 cxd5 4. c4 Nf6 5. Nc3 g6 6. cxd5 Bg7 7. Bb5+ Nbd7
8. d6 exd6 9. Qe2+ Qe7 10. Bf4 a6 11. Bxd6 Qxe2+ 12. Bxe2 Nb6 13. Nf3 Be6
14. O-O O-O-O 15. Be5 Nbd7 16. Bd6 Nb8 17. Be5 Nc6 18. Rac1 Nxe5 19. Nxe5
Kb8 20. Rfd1 Nd5 21. Nxd5 Bxd5 22. b3 Rhe8 23. Bf3 Bxe5 24. dxe5 Bxf3 25.
Rxd8+ Rxd8 26. gxf3 Rd2 27. Kg2 Rxa2 28. f4 a5 29. Rc3 Ra3 30. Rf3 Kc7 31.
f5 gxf5 32. Rxf5 Rxb3 33. Rxf7+ Kc6 34. Rxh7 a4 35. Rh8 a3 36. Ra8 Kd5 37.
f4 b5 38. h4 b4 39. h5 Rb2+ 40. Kg3 a2 41. h6 Rb3+ 42. Kg4 Ra3 43. Rxa3
bxa3 44. h7 a1=Q 45. h8=Q Qg1+ 46. Kf5 Qb1+ 47. Kg5 a2 48. Qd8+ Ke4 49.
Qa8+ Ke3 50. Qa3+ Ke2 51. Qa6+ Kf2 52. Qa7+ Kg2 53. Qa8+ Kg3 54. Qa3+ Kh2
55. Qf3 Qg1+ 56. Kh4 Qe1+ 0-1

[Event "10th ECC w"]
[Site "Saint Vincent ITA"]
[Date "2005.09.22"]
[Round "5"]
[White "Grabuzova,T"]
[Black "Matnadze,A"]
[Result "0-1"]
[WhiteElo "2332"]
[BlackElo "2389"]
[EventDate "2005.09.18"]

1. d4 Nf6 2. c4 e6 3. g3 d5 4. Bg2 g6 5. Nf3 Bg7 6. O-O O-O 7. Qc2 Nc6 8.
Rd1 dxc4 9. Na3 Qe7 10. Nxc4 Rd8 11. Bg5 h6 12. Bxf6 Bxf6 13. e3 Nb4 14.
Qb3 c5 15. dxc5 Qxc5 16. Rxd8+ Bxd8 17. Rd1 Be7 18. Nfe5 Qc7 19. a3 Nd5 20.
Rxd5 exd5 21. Bxd5 Kg7 22. Bxf7 Bf6 23. f4 Bxe5 24. Nxe5 Qc1+ 25. Kf2 Qd2+
26. Kf3 Bh3 27. Ke4 Bf5+ 28. Kf3 Bh3 29. Ke4 Bg2+ 30. Nf3 Qe2 31. Bxg6
Qxf3+ 32. Ke5 Rf8 33. Bf5 Rxf5+ 34. Kxf5 Qh5+ 35. Ke6 Qf7+ 0-1

[Event "10th ECC w"]
[Site "Saint Vincent ITA"]
[Date "2005.09.22"]
[Round "5"]
[White "Javakhishvili,L"]
[Black "Ubiennykh,E"]
[Result "1-0"]
[WhiteElo "2410"]
[BlackElo "2348"]
[EventDate "2005.09.18"]

1. d4 Nf6 2. c4 e6 3. Nc3 Bb4 4. Bg5 c5 5. d5 h6 6. Bh4 Bxc3+ 7. bxc3 d6 8.
e3 Qe7 9. Nf3 Nbd7 10. Nd2 b6 11. Bd3 Bb7 12. O-O exd5 13. cxd5 Bxd5 14.
Qa4 O-O 15. e4 Ne5 16. exd5 Nxd3 17. Qc2 Qe2 18. Bxf6 gxf6 19. c4 Rae8 20.
a4 Re5 21. Ra3 Nf4 22. Rf3 Nh5 23. g4 Ng7 24. Kh1 Ne8 25. Rh3 Kg7 26. Qc1
Rh8 27. f3 h5 28. Ne4 hxg4 29. Rxh8 Kxh8 30. Ng3 Qd3 31. fxg4 Kg8 32. Qf4
Kf8 33. h4 a6 34. g5 f5 35. h5 b5 36. axb5 axb5 37. g6 bxc4 38. Nxf5 Qh3+
39. Kg1 Qxh5 40. gxf7 Nc7 41. Qg3 Qxf7 42. Nxd6 Qxf1+ 43. Kxf1 Rxd5 44.
Nxc4 Rf5+ 45. Ke1 Ne6 46. Qd6+ Kf7 47. Ne5+ Kf6 48. Ng4+ Kg5 49. Ne3 Rf6
50. Qe5+ 1-0

[Event "10th ECC w"]
[Site "Saint Vincent ITA"]
[Date "2005.09.22"]
[Round "5"]
[White "Vasilevich,I"]
[Black "Dzagnidze,N"]
[Result "0-1"]
[WhiteElo "2407"]
[BlackElo "2438"]
[EventDate "2005.09.18"]

1. e4 c5 2. Nf3 d6 3. d4 cxd4 4. Nxd4 Nf6 5. Nc3 a6 6. Bc4 e6 7. Bb3 Nc6 8.
Be3 Be7 9. Qe2 Qc7 10. O-O-O Bd7 11. g4 Nxd4 12. Rxd4 Bc6 13. g5 Nd7 14. f4
Nc5 15. Rf1 O-O 16. f5 Rfc8 17. Qg4 Bd7 18. Kb1 Nxb3 19. axb3 b5 20. Qd1
Be8 21. h4 Rab8 22. g6 hxg6 23. fxe6 fxe6 24. Qg4 Bf7 25. Rd2 b4 26. Na4
Rf8 27. Rdf2 Rb5 28. Bg5 Qd7 29. e5 Rxe5 30. Nb6 Qd8 31. Nc4 Rf5 32. Ne3
Bxg5 33. Nxf5 gxf5 34. Qxb4 Bf6 35. h5 Bxh5 36. Qc4 d5 37. Qxa6 Qd7 38. Rh2
Bg4 39. Re1 e5 40. Reh1 Kf7 41. b4 e4 42. c4 dxc4 43. Qxc4+ Kg6 44. Rg1 Rc8
45. Qa2 Qd3+ 46. Ka1 Rc6 0-1

[Event "10th ECC w"]
[Site "Saint Vincent ITA"]
[Date "2005.09.22"]
[Round "5"]
[White "Kochetkova,J"]
[Black "Zhukova,N"]
[Result "1-0"]
[WhiteElo "2346"]
[BlackElo "2478"]
[EventDate "2005.09.18"]

1. e4 e6 2. d4 d5 3. Nd2 Nf6 4. e5 Nfd7 5. Bd3 c5 6. c3 Nc6 7. Ne2 cxd4 8.
cxd4 f6 9. exf6 Nxf6 10. Nf3 Bd6 11. O-O Qc7 12. Bg5 O-O 13. Bh4 Qb6 14.
Nc3 Bd7 15. Bg3 Bxg3 16. hxg3 Qxb2 17. Na4 Qa3 18. Nc5 h6 19. Re1 Rae8 20.
Nxb7 Bc8 21. Rb1 Ng4 22. Bc2 Qe7 23. Qd3 Rf6 24. Nc5 Ref8 25. Nh4 Qd6 26.
Qh7+ Kf7 27. Bg6+ Ke7 28. Nf5+ Rxf5 29. Bxf5 Nf6 30. Qxg7+ Rf7 31. Qg6 Nxd4
32. Nb3 Nxf5 33. Qxf5 Ne4 34. Qg6 Qb6 35. Kh2 Rxf2 36. Rf1 Ba6 37. Qg7+ Kd6
38. Nd2 Qe3 39. Nxe4+ dxe4 40. Rxf2 Qxf2 41. Rc1 Qb6 42. Qxh6 Bd3 43. g4
Qf2 44. Qg5 e3 45. Rd1 e2 46. Rxd3+ Kc6 47. Rc3+ Kd6 48. Qd2+ Ke7 49. Rc7+
Kf6 50. Qc3+ e5 51. Rc6+ Kf7 52. Qb3+ Kg7 53. Qb7+ 1-0

[Event "10th ECC w"]
[Site "Saint Vincent ITA"]
[Date "2005.09.22"]
[Round "5"]
[White "Kosintseva,T"]
[Black "Mkrtchian,L"]
[Result "0-1"]
[WhiteElo "2477"]
[BlackElo "2447"]
[EventDate "2005.09.18"]

1. e4 e5 2. Nf3 Nc6 3. Bb5 a6 4. Ba4 Nf6 5. O-O Be7 6. Re1 b5 7. Bb3 d6 8.
c3 O-O 9. d4 Bg4 10. Be3 Bd7 11. Nbd2 Ng4 12. Bd5 Rb8 13. Nb3 Nxe3 14. Rxe3
Bf6 15. Bxc6 Bxc6 16. dxe5 dxe5 17. Nc5 Ra8 18. Rd3 Qe7 19. b4 a5 20. Nd2
Qe8 21. Qh5 g6 22. Qh6 Bg7 23. Qe3 f5 24. f3 a4 25. c4 Qf7 26. Rc1 Rfd8 27.
a3 Rd4 28. Rxd4 exd4 29. Qd3 bxc4 30. Nxc4 Bb5 31. e5 Bxc4 32. Qxc4 Bxe5
33. Nd3 Re8 34. Qc6 Bd6 35. Qxa4 Re2 36. Qa8+ Kg7 37. Qa7 Qf6 38. f4 Rd2
39. Ne5 Qh4 40. Qb7 Qf2+ 41. Kh1 Rc2 42. Rd1 Qxf4 43. Nf3 Rc1 44. Rg1 Rc3
0-1

[Event "10th ECC w"]
[Site "Saint Vincent ITA"]
[Date "2005.09.22"]
[Round "5"]
[White "Lahno,Kateri"]
[Black "Kosintseva,N"]
[Result "1/2-1/2"]
[WhiteElo "2498"]
[BlackElo "2490"]
[EventDate "2005.09.18"]

1. e4 c5 2. Nf3 Nc6 3. d4 cxd4 4. Nxd4 Nf6 5. Nc3 d6 6. Bg5 e6 7. Qd2 Be7
8. O-O-O Qb6 9. Nb3 O-O 10. f3 Rd8 11. Nb5 Rd7 12. Qe1 a6 13. N5d4 Rd8 14.
g4 e5 15. Nf5 Bxf5 16. exf5 d5 17. Bd2 a5 18. a4 Rac8 19. Kb1 d4 20. g5 d3
21. Bxd3 Rxd3 22. gxf6 Bxf6 23. Qe4 Rdd8 24. Bc3 Rxd1+ 25. Rxd1 Rd8 26.
Rxd8+ Qxd8 27. f4 exf4 28. Bxf6 gxf6 29. Qxf4 Qd1+ 30. Nc1 Nb4 31. Qg3+ Kf8
32. Qb8+ Kg7 33. Qg3+ Kf8 34. Qb8+ Kg7 35. Qg3+ Kf8 36. Qb8+ Kg7 37. Qg3+
Kf8 38. Qb8+ 1/2-1/2

[Event "10th ECC w"]
[Site "Saint Vincent ITA"]
[Date "2005.09.22"]
[Round "5"]
[White "Alexandrova,O"]
[Black "Peptan,C"]
[Result "0-1"]
[WhiteElo "2397"]
[BlackElo "2411"]
[EventDate "2005.09.18"]

1. d4 Nf6 2. c4 e6 3. Nc3 Bb4 4. e3 O-O 5. Bd3 c5 6. Nf3 d5 7. O-O cxd4 8.
exd4 dxc4 9. Bxc4 Nc6 10. Bg5 Be7 11. a3 b6 12. Qd3 Bb7 13. Bb3 e5 14. Bxf6
Bxf6 15. d5 g6 16. Rad1 Nd4 17. Nxd4 exd4 18. Nb5 a6 19. Nxd4 Bxd5 20. Nf5
Bxb3 21. Qxb3 Qc7 22. Nh6+ Kh8 23. Ng4 Bg7 24. Ne3 b5 25. Nd5 Qc5 26. Rc1
Qd4 27. Nc3 Rad8 28. Rfd1 Qf4 29. Nd5 Qe5 30. Nc3 Qf5 31. Nd5 Rd6 32. Ne3
Rxd1+ 33. Qxd1 Qe6 34. Rc2 Re8 35. h3 h5 36. Rd2 Be5 37. h4 Qf6 38. g3 Bxb2
39. Rd6 Re6 40. Rxe6 Qxe6 41. Qd3 Kg7 42. Nd5 Qd6 43. Qe4 Qe5 44. Qd3 Bd4
45. Qf3 a5 46. Kg2 Bc5 47. Nf4 Qd4 48. Nh3 a4 49. Ng5 Qd7 50. Qc3+ Bd4 51.
Qd3 Qc6+ 52. Nf3 Bf6 53. Qb1 Qd5 54. Qb4 Qc6 55. Qf4 Qc5 56. Qb8 Bb2 57.
Qb7 Bxa3 58. Ng5 Qf5 59. Nxf7 Qxf7 60. Qxb5 Qa7 61. Qe5+ Kh7 62. g4 Qb7+
63. Kg1 Qe7 64. Qa5 Qxh4 65. gxh5 Qxh5 66. Qxa4 Bb2 67. Qd7+ Bg7 68. Kg2
Qg5+ 69. Kf1 Qh4 70. Ke2 Qe4+ 71. Kf1 Qf5 72. Qe7 Qh3+ 73. Kg1 Kh6 74. Qd6
Kh5 75. Qd5+ Qf5 76. Qg8 Bd4 77. Qh7+ Kg4 78. Qh2 Qxf2+ 79. Qxf2 Bxf2+ 80.
Kxf2 Kh3 0-1

[Event "10th ECC w"]
[Site "Saint Vincent ITA"]
[Date "2005.09.22"]
[Round "5"]
[White "Benderac,A"]
[Black "Aginian,N"]
[Result "1/2-1/2"]
[WhiteElo "2289"]
[BlackElo "2324"]
[EventDate "2005.09.18"]

1. e4 d5 2. exd5 Qxd5 3. Nc3 Qd6 4. d4 Nf6 5. h3 a6 6. Be3 Nc6 7. Nf3 e5 8.
dxe5 Nxe5 9. Nxe5 Qxe5 10. Qd4 Bd6 11. O-O-O 1/2-1/2

[Event "10th ECC w"]
[Site "Saint Vincent ITA"]
[Date "2005.09.22"]
[Round "5"]
[White "Cramling,P"]
[Black "Khurtsidze,N"]
[Result "1/2-1/2"]
[WhiteElo "2494"]
[BlackElo "2449"]
[EventDate "2005.09.18"]

1. d4 Nf6 2. c4 e6 3. Nf3 d5 4. Nc3 Bb4 5. cxd5 exd5 6. Bg5 O-O 7. e3 c5 8.
Bd3 c4 9. Bc2 h6 10. Bxf6 Qxf6 11. O-O Bxc3 12. bxc3 Bf5 13. Rb1 b6 14. Ne5
Nd7 15. Nxd7 Bxd7 16. Qc1 Qd6 17. Qb2 b5 18. f3 f5 19. e4 fxe4 20. fxe4
dxe4 21. Bxe4 Rxf1+ 22. Rxf1 Bc6 23. Bxc6 Qxc6 24. Rf5 Qe4 25. Qxb5 Qe3+
26. Rf2 Rc8 27. Qb2 Qe1+ 28. Rf1 Qe3+ 29. Kh1 Qd3 30. Re1 Rc6 31. h3 Rg6
32. Qb8+ Kh7 33. Qb2 Rg3 34. Rc1 Qe4 35. Kh2 Rxg2+ 36. Qxg2 Qf4+ 37. Qg3
Qd2+ 38. Qg2 Qf4+ 39. Qg3 Qd2+ 40. Qg2 Qf4+ 1/2-1/2

[Event "10th ECC w"]
[Site "Saint Vincent ITA"]
[Date "2005.09.22"]
[Round "5"]
[White "Danielian,E"]
[Black "Maric,A"]
[Result "1/2-1/2"]
[WhiteElo "2433"]
[BlackElo "2415"]
[EventDate "2005.09.18"]

1. d4 e6 2. Nf3 c5 3. e3 Nf6 4. c4 cxd4 5. exd4 d5 6. Nc3 Bb4 7. Bd3 dxc4
8. Bxc4 O-O 9. O-O b6 10. Bg5 Bb7 11. Re1 Nbd7 12. Rc1 Rc8 13. Qb3 Bxc3 14.
Rxc3 h6 15. Bh4 Bd5 16. Bxd5 Rxc3 17. bxc3 exd5 18. Qa3 Qc8 19. Bxf6 Nxf6
20. Qxa7 Qxc3 21. Qxb6 Ra8 22. Qb3 Qxb3 23. axb3 Ra2 24. h3 Rb2 25. Rc1
Rxb3 26. Rc8+ Kh7 27. Rc7 Rb1+ 28. Kh2 Rf1 29. Rxf7 Rxf2 30. Kg1 Ra2 31.
Nh4 Rd2 32. Nf3 1/2-1/2

[Event "10th ECC w"]
[Site "Saint Vincent ITA"]
[Date "2005.09.22"]
[Round "5"]
[White "Bojkovic,N"]
[Black "Hoang Thanh Trang"]
[Result "1/2-1/2"]
[WhiteElo "2386"]
[BlackElo "2476"]
[EventDate "2005.09.18"]

1. e4 e6 2. d4 d5 3. Nd2 Be7 4. Ngf3 Nf6 5. exd5 exd5 6. Bd3 O-O 7. c3 c5
8. dxc5 Bxc5 9. O-O Nc6 10. Nb3 Bb6 11. Bf4 Bg4 12. Be2 Re8 13. Bg3 Ne4 14.
Nfd4 Bxe2 15. Nxe2 h5 16. Bf4 Qh4 17. Nbd4 Bxd4 18. cxd4 Nf6 19. Bg3 Qg5
20. Re1 Re6 21. Bf4 Qf5 22. Be3 Ng4 23. Ng3 Qg6 24. Qb1 Rae8 25. Qxg6 fxg6
26. Nf1 Nxd4 27. Rad1 Nc2 28. Re2 Ncxe3 29. Nxe3 Rd8 30. Red2 Nf6 31. h3
Kf7 32. Rd3 Red6 33. Nc4 Ra6 34. a3 Rc6 35. Ne3 Re6 36. Nc4 Rc6 37. Ne3 g5
38. Nxd5 Rcd6 39. Nb4 Rxd3 40. Nxd3 Rd5 41. Kf1 g4 42. hxg4 Nxg4 43. Ke2
Kf6 44. Rc1 Rd7 45. f3 Re7+ 46. Kf1 Ne3+ 47. Kf2 g5 48. Nc5 Nf5 49. Ne4+
Kg6 50. Rc8 g4 1/2-1/2

[Event "10th ECC w"]
[Site "Saint Vincent ITA"]
[Date "2005.09.22"]
[Round "5"]
[White "Gara,T"]
[Black "Prudnikova,S"]
[Result "0-1"]
[WhiteElo "2288"]
[BlackElo "2370"]
[EventDate "2005.09.18"]

1. e4 e5 2. Nf3 Nf6 3. d4 Nxe4 4. Bd3 d5 5. Nxe5 Nd7 6. Nxd7 Bxd7 7. O-O
Bd6 8. c4 c6 9. Nc3 Nxc3 10. bxc3 O-O 11. cxd5 cxd5 12. Qh5 f5 13. Qf3 Qc7
14. Qxd5+ Kh8 15. h3 Rf6 16. Qc4 Qa5 17. Qb3 Ba4 18. Qb2 Bc6 19. c4 Rg6 20.
f3 Rf8 21. d5 Bxd5 22. cxd5 Qxd5 23. Rd1 Qxf3 24. Bh6 Qg3 25. Bxg7+ Rxg7
26. Kf1 Bc5 27. Rac1 Bd4 28. Qe2 Qh2 29. Ke1 Rxg2 0-1

[Event "10th ECC w"]
[Site "Saint Vincent ITA"]
[Date "2005.09.22"]
[Round "5"]
[White "Vajda,S"]
[Black "Gaponenko,I"]
[Result "1/2-1/2"]
[WhiteElo "2392"]
[BlackElo "2439"]
[EventDate "2005.09.18"]

1. e4 c5 2. c3 d5 3. exd5 Qxd5 4. d4 cxd4 5. cxd4 Nc6 6. Nf3 e5 7. Nc3 Bb4
8. Be2 exd4 9. O-O Qd8 10. Nb5 Nf6 11. Nbxd4 Nxd4 12. Qxd4 Qxd4 13. Nxd4
O-O 14. Bf3 Rd8 15. Nb3 a5 16. Be3 Nd5 17. Bc5 Bxc5 18. Nxc5 b6 19. Rfd1
Be6 20. Nxe6 fxe6 21. Rac1 Rac8 22. g3 Rxc1 23. Rxc1 Rd6 24. a3 Kf7 25. Kf1
Kf6 26. Ke2 Ne7 27. Be4 h6 28. Rc7 Nf5 29. h4 g6 30. Rc8 Nd4+ 31. Ke3 Nf5+
32. Ke2 Nd4+ 33. Ke3 Nf5+ 34. Ke2 1/2-1/2